000 00527nam a22001817a 4500
005 20250416145912.0
008 250408b |||||||| |||| 00| 0 eng d
020 _a978-1787150904
041 _aeng
082 _a005.7 JON
100 _aJones, Barbara
245 _aData Management: A Practical Guide for Librarians
260 _aUK
_bKruger Brentt Publishers UK Ltd.
_c2023
300 _a367;. pages 25 cm
650 _aData Management; Research Data processing Management.
700 _aSmith, Elizabeth
942 _cBK
999 _c43608
_d43608